แสดงรายละเอียดบรรณานุกรม
  กลับหน้าหลัก

Brief Record : Get Marc (ISO 2709) : E-mail record : QR code ปิดหน้าต่าง
E-books : เกี่ยวกับ Collections
LEADER 00000nama 2200000uu 4500
008    040531s|||| th m m a000 0 tha d
020    1-929007-17-5
041    eng
050    QS17 N474A 2003
100    Netter,Frank H.
245    Atlas of Human Anatomy / By Frank H. Netter ; John T. Hansen,consulting editor.
250    3rd ed.
260    Teter boro,N.J. Icon Learning systems. c 2003.
300    542 p. of plates,[53] p.
600    l. Hansan, John T.
650    1. Anatomy--atlases.
995    001
รายการนี้ยังไม่มีแท็ก
คุณยังไม่ได้ล็อกอิน คุณสามารถมีกิจกรรมร่วมกับเว็บไซต์ได้ แต่ต้องล็อกอินก่อน ::
  ล็อกอิน
ลำดับที่ ประเภท เลขเรียก สถานที่ สถานะ
1. หนังสือทั่วไป
หนังสือทั่วไป
QS17 N474A 2003  
  
หนังสือภาษาอังกฤษ On Shelf
  ขอยืม
2. หนังสือทั่วไป
หนังสือทั่วไป
QS17 N474A 2003  
  
หนังสือภาษาอังกฤษ On Shelf
  ขอยืม
   [แสดง 2/2 รายการ]

รายการใกล้เคียง
    หัวเรื่อง [1. Anatomy--atlases.]

BibComment


ยังไม่เคยถูกคอมเมนท์

คอมเมนท์ทรัพยากรรายการนี้
  คอมเมนท์: Atlas of Human An..
Bib 197380

 
 
 

 Union Library Management : ULibM
Copyright 2026. All Rights Reserved.
скачать бесплатно без регистрации порно красивый секс HD Sex Hindi sex

xxx gou

xxxx

bfxxx

xxxwww

Секса Видео

xxxx

Секса Видео

detube

geilexxx

C99 Shell

worms shell

blod xxx video
Ebony Coed Rihanna Rimes Takes A Dick In Her Young Twat priyaa indian fuck anal and pusssy hardcore indian women xxx desi hardcore fucking part 1 bengalixxxcouple